[Event "FIDE Chesscom Online Nations Cup"]
[Site "Online"]
[Date "2020.05.08"]
[Round "7"]
[White "Muzychuk, Mariya"]
[Black "Harika, Dronavalli"]
[Result "1/2-1/2"]
[WhiteElo "2506"]
[BlackElo "2450"]
[Annotator "TA"]
[PlyCount "75"]
[EventDate "2020.05.05"]
[EventType "team-tourn"]
[SourceTitle "playchess.com"]
[Source "ChessBase"]
[SourceQuality "1"]
[WhiteTeam "World"]
[BlackTeam "India"]
[WhiteTeamCountry "UKR"]
[BlackTeamCountry "IND"]

{[%evp 18,75,-14,-13,-15,-2,0,-4,0,0,-4,-22,-22,-31,-18,-42,-18,-35,-27,-42,-16,-22,-14,-13,-6,-9,-4,-10,0,0,-3,-6,0,-18,-11,-30,-6,-31,-6,-6,-6,-5,-4,-4,0,-2,0,-4,-4,-6,-4,-6,-4,-7,0,-6,0,-14,0,-14]} 1. e4 c5 2. Nf3 Nc6 3. Bb5 g6 4. O-O Bg7 5. c3 Nf6 6. Re1 O-O 7. d4 d5 8. e5 Ne4 9. Nbd2 cxd4 10. cxd4 Qb6 $1 {[%mdl 4] outshines the older 10...Nxd2. B31: Sicilian: 2...Nc6 3 Bb5 g6.} 11. Bxc6 Qxc6 12. Qe2 Nxd2 13. Bxd2 Qb6 14. Bg5 {[#]} f6 $146 ({Predecessor:} 14... Re8 15. b3 h6 16. Be3 Bf5 17. Rec1 Rac8 18. Qd2 g5 19. h4 g4 20. Nh2 Rxc1+ 21. Rxc1 {1-0 (53) Woong,Z (2146)-Hill,A (2219) London 2018}) 15. exf6 exf6 16. Bf4 Bd7 17. h3 Rfe8 18. Qd2 Rxe1+ 19. Rxe1 Re8 20. Rxe8+ Bxe8 21. Qc3 Bd7 22. Nd2 Qc6 (22... Bf8 {keeps more tension.} 23. Nb3 h5 24. Nc5 Qc6 25. Nxd7 Qxd7 26. Bb8 a6) 23. Qxc6 Bxc6 $11 {[%mdl 4096] Endgame KBB-KBN} 24. Bb8 a6 25. f4 Kf7 26. Kf2 Ke6 27. Ke3 Bf8 28. Nb3 {The position is equal.} Kd7 29. Ba7 Bd6 30. Nc5+ Bxc5 31. Bxc5 {KB-KB} h5 32. h4 Ke6 33. g3 Bb5 34. a3 Kf5 35. Be7 Ke6 36. Bc5 Kf5 37. Be7 Ke6 38. Bc5 {Accuracy: White = 96%, Black = 90%.} 1/2-1/2

[Event "FIDE Chesscom Online Nations Cup"]
[Site "Online"]
[Date "2020.05.08"]
[Round "7"]
[White "Goryachkina, Aleksandra"]
[Black "Krush, Irina"]
[Result "1/2-1/2"]
[WhiteElo "2502"]
[BlackElo "2392"]
[Annotator "TA"]
[PlyCount "77"]
[EventDate "2020.05.05"]
[EventType "team-tourn"]
[SourceTitle "playchess.com"]
[Source "ChessBase"]
[SourceQuality "1"]
[WhiteTeam "Russia"]
[BlackTeam "United States"]
[WhiteTeamCountry "RUS"]
[BlackTeamCountry "USA"]

{[%evp 21,77,26,25,20,26,20,31,0,3,5,6,9,15,17,14,12,12,11,13,9,13,14,15,11,14,2,8,2,5,0,0,-7,-7,-7,25,16,16,25,33,0,45,2,2,2,2,2,3,3,6,0,0,0,8,0,0,0,18,0]} 1. d4 d5 2. c4 dxc4 3. e3 Nf6 4. Bxc4 e6 5. Nf3 c5 6. O-O Nc6 7. a3 a6 8. dxc5 Qxd1 9. Rxd1 Bxc5 10. b4 Be7 {10...Ba7 is vanishing.} 11. Bb2 O-O 12. Nbd2 {[%cal Bb1d2,Bd2e4,Be4c5][%mdl 32] D27: Queen's Gambit Accepted: Classical main line: 7 e4!? and 7 a4.} Bd7 13. Be2 Rfd8 14. Ng5 {White is slightly better.} Be8 15. Nge4 Nxe4 16. Nxe4 Rxd1+ 17. Rxd1 Rd8 18. Rxd8 Nxd8 19. Bd4 Bc6 20. Nc5 Bd5 21. Nd7 f6 22. Nb6 {[#]} Bb3 $146 ({Predecessor:} 22... Bc6 23. f3 Kf7 24. e4 Ke8 25. Bc4 Bd6 26. Kf2 Bc7 27. g3 e5 28. Bc5 Nf7 {½-½ (129) Goryachkina,A (2579)-Cramling,P (2470) Lausanne 2020}) 23. Nc8 Bf8 24. Bb6 Nc6 25. Bf3 Bd5 26. e4 Bb3 27. e5 Bd5 28. Bxd5 exd5 $11 {[%mdl 4096] Endgame KBN-KBN} 29. e6 g6 30. g4 Kg7 (30... f5 $5 {[%cal Rf5g4]}) 31. f4 f5 $1 {[%cal Rf5g4] The position is equal.} 32. g5 Be7 $1 33. Kf2 Kf8 34. Ke3 Ke8 35. h4 Bf8 36. Kd3 Be7 37. Ke3 Bf8 38. Kd3 Be7 39. Ke3 {A rather calm draw. Accuracy: White = 86%, Black = 92%.} 1/2-1/2

[Event "FIDE Chesscom Online Nations Cup"]
[Site "Online"]
[Date "2020.05.08"]
[Round "8"]
[White "Vachier-Lagrave, Maxime"]
[Black "Anand, Viswanathan"]
[Result "1/2-1/2"]
[WhiteElo "2860"]
[BlackElo "2751"]
[Annotator "TA"]
[PlyCount "119"]
[EventDate "2020.05.05"]
[EventType "team-tourn"]
[SourceTitle "playchess.com"]
[Source "ChessBase"]
[SourceQuality "1"]
[WhiteTeam "Europe"]
[BlackTeam "India"]
[WhiteTeamCountry "FRA"]
[BlackTeamCountry "IND"]

{[%evp 12,119,26,16,15,15,26,12,16,16,22,7,6,2,8,10,7,0,0,0,6,0,28,0,0,0,0,0,0,-14,-14,-17,9,11,8,16,20,18,15,0,25,0,22,20,29,0,0,0,14,14,14,16,24,0,0,0,18,11,14,7,11,18,18,14,20,-20,32,0,8,8,8,0,0,0,0,0,0,0,0,0,0,0,0,0,0,0,0,0,0,0,0,0,0,0,0,0,14,14,14,0,0,0,0,0,0,0,0,0,0,0]} 1. d4 Nf6 2. c4 e6 3. Nc3 d5 4. cxd5 exd5 5. Bg5 c6 6. e3 Bf5 7. Qb3 Qb6 {D35: Queen's Gambit Declined: Exchange Variation.} 8. Bxf6 gxf6 9. Kd2 Nd7 {[%cal Bb8d7,Bd7b6,Bb6c8][%mdl 32]} 10. Bd3 Bg6 11. Nf3 Qxb3 12. axb3 {[#]} Nb6 $146 ({Predecessor:} 12... a6 13. Rhc1 Bb4 14. Kc2 Bh5 15. h3 Ke7 16. g4 Bg6 17. Nh4 Rag8 18. Rg1 Bxd3+ 19. Kxd3 {0-1 (24) Schreiber,K-Tomkovich,V ICCF corr 1981}) 13. Nh4 Kd7 14. f4 {[#] Strongly threatening f5.} Bxd3 15. Kxd3 Bb4 16. Rhe1 Nc8 17. e4 dxe4+ 18. Rxe4 Nd6 19. Re2 a5 20. Ne4 Nxe4 21. Rxe4 Rae8 22. Rxe8 Rxe8 $11 {[%mdl 4096] Endgame KRB-KRN} 23. Nf5 Kc7 24. Rf1 Kb6 25. Ne3 Rd8 26. Nc2 Rg8 27. Rf2 Kc7 28. Re2 Bd6 29. g3 Rd8 30. Ne3 Bc5 31. Nf5 Rd5 32. Ke4 Bf8 33. g4 Rd8 34. Kd3 Bd6 35. Re4 Rg8 36. h3 Rd8 37. h4 Rg8 38. Nh6 Rg7 (38... Rg6 $11 39. g5 fxg5 40. fxg5 f6) 39. g5 fxg5 {The position is equal.} 40. fxg5 f6 $1 41. Nf5 Rg6 42. Ne7 Bxe7 43. Rxe7+ {[%mdl 64] [#] Double Attack. KR-KR} Kd6 44. gxf6 (44. Rxb7 {is more complex.} fxg5 45. hxg5 Rxg5 46. Rxh7 Rg3+ 47. Kc4) 44... Rxf6 45. Rxb7 Rh6 46. Ra7 Rxh4 47. Rxa5 Rh2 48. Kc3 Rh3+ 49. Kc4 Rh2 50. Rf5 Rc2+ 51. Kb4 Rxb2 52. Rh5 Rc2 53. Rxh7 Rc1 54. Rh5 Rc2 55. Rc5 Rxc5 56. dxc5+ Kd5 57. Ka5 {White threatens Kb6 and mate.} Kxc5 58. b4+ Kc4 59. Kb6 Kxb4 {( -> ...c5)} 60. Kxc6 {A rather calm draw. Accuracy: White = 90%, Black = 91%.} 1/2-1/2

[Event "FIDE Chesscom Online Nations Cup"]
[Site "Online"]
[Date "2020.05.08"]
[Round "8"]
[White "Nepomniachtchi, Ian"]
[Black "Ding, Liren"]
[Result "1/2-1/2"]
[WhiteElo "2778"]
[BlackElo "2836"]
[Annotator "TA"]
[PlyCount "59"]
[EventDate "2020.05.05"]
[EventType "team-tourn"]
[SourceTitle "playchess.com"]
[Source "ChessBase"]
[SourceQuality "1"]
[WhiteTeam "Russia"]
[BlackTeam "China"]
[WhiteTeamCountry "RUS"]
[BlackTeamCountry "CHN"]

{[%evp 24,59,27,13,15,10,29,-77,16,24,10,21,26,11,24,13,18,17,13,16,15,0,0,0,0,0,0,0,0,0,0,0,0,0,0,0,0,0]} 1. d4 d5 2. c4 c6 3. Nf3 Nf6 4. Nc3 e6 5. e3 Nbd7 6. Qc2 Bd6 7. Bd3 O-O 8. O-O e5 9. cxd5 cxd5 10. e4 exd4 11. Nxd5 Nxd5 12. exd5 h6 13. Nxd4 Qh4 {[%csl Gd6][%cal Rh4h2] [#] D46: Semi-Slav: 5 e3 Nbd7 6 Bd3, Black avoids the Meran.} 14. Nf3 Qh5 15. Bh7+ Kh8 {Strongly threatening ...g6.Black is better.} 16. Qf5 $1 {[%cal Rf5h5]} Qxf5 17. Bxf5 Nf6 18. Bc2 b6 19. Rd1 Bb7 {The position is equal.} 20. Bb3 Rad8 21. Be3 Be7 {[%cal Rf6d5] [#]} 22. Re1 $146 ({Predecessor:} 22. Rd3 Nxd5 23. Rad1 Nxe3 24. fxe3 Rxd3 25. Rxd3 Bxf3 26. gxf3 Rd8 27. Rxd8+ Bxd8 28. Bxf7 {½-½ (41) Mamedyarov,S (2772)-Topalov,V (2741) Shamkir 2017}) 22... Bb4 23. Bd2 Bxd2 24. Nxd2 Bxd5 25. Nc4 Rfe8 26. f3 Kg8 27. Rxe8+ Rxe8 28. Kf2 Rc8 29. Ne3 Bxb3 30. axb3 {An uneventful encounter. Accuracy: White = 100%, Black = 100%.} 1/2-1/2

[Event "FIDE Chesscom Online Nations Cup"]
[Site "Online"]
[Date "2020.05.08"]
[Round "8"]
[White "Duda, Jan-Krzysztof"]
[Black "Harikrishna, Pentala"]
[Result "1-0"]
[WhiteElo "2774"]
[BlackElo "2690"]
[Annotator "TA"]
[PlyCount "155"]
[EventDate "2020.05.05"]
[EventType "team-tourn"]
[SourceTitle "playchess.com"]
[Source "ChessBase"]
[SourceQuality "1"]
[WhiteTeam "Europe"]
[BlackTeam "India"]
[WhiteTeamCountry "POL"]
[BlackTeamCountry "IND"]

{[%evp 15,155,0,0,-29,11,12,4,0,26,34,47,30,74,68,79,71,70,64,129,74,53,-8,-14,-64,-67,-62,-62,-58,-59,-58,-66,-59,-63,-79,-71,-77,0,0,0,0,0,0,0,0,0,0,0,0,0,0,-8,-8,-8,-12,-8,-8,-8,-8,-8,-65,0,0,0,-62,0,-122,-129,-150,-138,-141,-140,-95,0,-12,-16,-16,-17,-37,-38,-31,0,-9,22,22,35,41,196,196,428,419,436,427,510,485,657,505,370,220,207,145,424,418,645,619,594,577,570,161,161,163,164,164,164,0,0,0,164,30,493,482,539,412,5626,5624,2892,2400,2024,1731,29972,29973,29973,29973,29974,29975,29975,29976,29976,29977,29982,29983,29986,29987]} 1. d4 d5 2. c4 e6 3. Nc3 Be7 4. cxd5 exd5 5. Bf4 c6 6. e3 Bf5 7. Nge2 Nd7 8. Ng3 Bg6 9. h4 {D31: Queen's Gambit Declined: Semi-Slav without ...Nf6 (+ Marshall Gambit and Noteboom) and Exchange Variation lines without ...Nf6.} h5 10. Bd3 Bxd3 11. Qxd3 {The position is equal.} g6 12. e4 {[#]} Ngf6 $146 ({Predecessor:} 12... dxe4 13. Ngxe4 Ngf6 14. Nd6+ Bxd6 15. Bxd6 Nb6 16. Qe3+ Kd7 17. Be5 Re8 18. Qh3+ Re6 {1-0 (43) Vitiugov,N (2720)-Tan,Z (2502) Caleta 2019}) 13. e5 Nh7 14. e6 $1 {[%cal Re6d7]} Ndf8 15. exf7+ Kxf7 16. Be5 Rg8 (16... Nf6 $1 $14) 17. f4 (17. O-O-O $142 $1) 17... Bxh4 $16 18. f5 (18. O-O $14 Bxg3 19. Qxg3) 18... Bxg3+ $1 $11 19. Bxg3 Qg5 $1 20. O-O Nf6 21. Bf4 Qg4 $1 (21... Qxf5 $2 22. Qe3 $18) 22. Nd1 Re8 $1 (22... gxf5 23. Ne3 $16) ({Of course not} 22... Qxf5 $6 23. Qb3 $14) 23. Ne3 {[#]} Rxe3 $1 {[%mdl 576] Remove Defender} 24. Bxe3 (24. Qxe3 gxf5) 24... gxf5 {[%csl Gg8][%cal Rg4g2]} 25. Qc2 Ne6 (25... Ke6 $1 $17 26. Rf4 Qh3) 26. Rxf5 Nxd4 27. Bxd4 Qxd4+ 28. Qf2 Qxf2+ 29. Rxf2 {[%mdl 4096] Endgame KRR-KRN} Ke6 30. Raf1 Rg6 31. Re1+ Kd6 32. Rf5 d4 33. Ra5 a6 34. Rd1 Rg4 35. Rf5 Ke6 36. Rdf1 Rg6 37. R5f4 (37. b4 $11) 37... Ke5 38. Rf5+ Ke6 39. R5f4 Ke5 (39... c5 $15) 40. a4 (40. Rf5+ $11 {keeps the balance.} Ke6) 40... Nd5 $17 41. Rf5+ Ke4 42. Rxh5 Ne3 43. Rf2 d3 (43... Kd3 $17) 44. Rh4+ Rg4 45. Rh7 b5 46. Rh6 Nc4 {Hoping for ...d2.} 47. Rxc6 Ke3 {White must now prevent ...d2.} 48. axb5 axb5 49. Re6+ Kd4 {Strongly threatening ...d2.} 50. Re8 d2 $2 (50... b4 $1 $14) 51. Rd8+ $18 Kc5 $2 (51... Ke3 {was worth a try.}) 52. b3 Na5 53. Rf3 Rb4 54. Rxd2 Nxb3 55. Rc2+ Rc4 56. Rf5+ (56. Rxc4+ $142 Kxc4 57. Kf2) 56... Kd6 57. Ra2 {aiming for Ra6+.} ({Weaker is} 57. Rxb5 Rxc2 58. Rxb3 Ke5 $11) 57... Nd4 $2 {[%mdl 8192]} (57... Nc5 $16 58. Rd2+ Kc7 59. Rf7+ Kb6 60. Rd6+ Ka5 61. Ra7+ Kb4) 58. Ra6+ Rc6 (58... Nc6 $142 59. Rxb5 Kc7) 59. Rf6+ Kd5 {intending ...Rxa6.} 60. Rfxc6 Nxc6 {KR-KN} 61. Rb6 $2 (61. Kf2 {And now g4 would win.} Kc5 62. Ke3) 61... Kc5 62. Rb7 b4 63. Kf2 Na5 64. Rb8 $2 (64. Rc7+ $1 $18 Kd4 65. Ke2) 64... Nc6 $11 65. Rb7 $2 (65. Re8 $11 b3 66. Re2) 65... Na5 $18 {[#]} 66. Ra7 ({Only move:} 66. Rc7+ $1 $18 Kd4 67. Ke2) 66... Nc6 $2 {[%mdl 8192] [#]} (66... Nc4 $1 $11) 67. Ra1 $1 b3 68. Rc1+ Kb5 (68... Kd5 $142 69. Ke2 Ne5) 69. Ke3 Ne7 70. Kd2 Nd5 71. Rc8 Nf4 72. g4 {White mates.} Ne6 73. Kc3 Nc5 74. Kb2 Kb4 75. g5 Nd3+ 76. Kb1 Ne5 77. Re8 Nf3 78. g6 {What a bad dream for Black. Accuracy: White = 78%, Black = 55%.} 1-0

[Event "FIDE Chesscom Online Nations Cup"]
[Site "Online"]
[Date "2020.05.08"]
[Round "8"]
[White "Caruana, Fabiano"]
[Black "Amin, Bassem"]
[Result "1-0"]
[WhiteElo "2773"]
[BlackElo "2608"]
[Annotator "TA"]
[PlyCount "71"]
[EventDate "2020.05.05"]
[EventType "team-tourn"]
[SourceTitle "playchess.com"]
[Source "ChessBase"]
[SourceQuality "1"]
[WhiteTeam "United States"]
[BlackTeam "World"]
[WhiteTeamCountry "USA"]
[BlackTeamCountry "EGY"]

{[%evp 10,71,33,28,37,33,30,33,35,31,41,28,43,33,47,40,33,20,20,22,35,25,36,-4,54,8,21,26,103,117,117,111,103,102,105,77,119,96,108,107,113,104,96,80,105,-16,0,-29,0,-36,141,141,100,109,117,91,253,261,239,258,258,252,29977,29976]} 1. d4 Nf6 2. c4 g6 3. Nc3 Bg7 4. e4 d6 5. Nge2 O-O 6. h3 c6 {E71: King's Indian: 4 e4 d6 5 h3.} 7. Ng3 e5 {aiming for ...exd4.} 8. d5 a5 {White is slightly better.} 9. Be2 Na6 10. Be3 {[#]} cxd5 $146 ({Predecessor:} 10... Qc7 11. Qd2 Nc5 12. O-O Bd7 13. Rac1 a4 14. Bh6 cxd5 15. Bxg7 Kxg7 16. exd5 Qb6 {0-1 (34) Papadopoulos,N (2205)-Pancevski,F (2498) Thessaloniki 2018}) 11. cxd5 Nc5 12. Bxc5 dxc5 13. Nf1 a4 14. Nd2 Bd7 15. O-O Ne8 16. Qc2 Qc7 (16... Nd6 $11) 17. Rad1 Nd6 18. Nc4 Ra5 (18... Nxc4 $11 {remains equal.} 19. Bxc4 Ra5) 19. Nxa5 $16 Qxa5 20. b3 a3 21. Qd2 h5 22. Na4 Qa7 23. Qe3 $1 b6 24. Nc3 Kh7 25. g4 Bh6 26. g5 Bg7 27. f4 (27. h4 $1 $16) 27... exf4 $11 28. Qxf4 Qb8 29. Qg3 Re8 $2 {[#]} (29... b5 $15 {stays ahead.}) 30. Rf6 $1 $16 Bxf6 31. gxf6 b5 32. Bxh5 $1 Nxe4 $2 {[#] Now Black is done in.} ({Wrong is} 32... b4 $2 {[#]} 33. Bxg6+ $1 {[%mdl 512]} fxg6 34. Qh4+ Kg8 35. Qh6 $18) (32... Nf5 $16 {was worth a try.} 33. Qxb8 Rxb8) 33. Bxg6+ $1 $18 {[%mdl 512]} fxg6 34. Qh4+ {[%mdl 64] Double Attack} Kg8 35. Nxe4 Qe5 $2 (35... Rxe4 $18 36. f7+ (36. Qxe4 Qg3+ 37. Qg2 Qe3+ 38. Qf2 Qg5+ 39. Qg2 Qe3+ 40. Qf2 Qg5+ 41. Qg2 Qe3+ $18) 36... Kxf7 37. Qxe4 Qg3+ 38. Qg2 Qd6 39. Qf3+ Bf5) 36. Qh6 {Accuracy: White = 72%, Black = 60%.} 1-0

[Event "FIDE Chesscom Online Nations Cup"]
[Site "Online"]
[Date "2020.05.08"]
[Round "8"]
[White "Wang, Hao"]
[Black "Artemiev, Vladislav"]
[Result "1/2-1/2"]
[WhiteElo "2750"]
[BlackElo "2769"]
[Annotator "TA"]
[PlyCount "138"]
[EventDate "2020.05.05"]
[EventType "team-tourn"]
[SourceTitle "playchess.com"]
[Source "ChessBase"]
[SourceQuality "1"]
[WhiteTeam "China"]
[BlackTeam "Russia"]
[WhiteTeamCountry "CHN"]
[BlackTeamCountry "RUS"]

{[%evp 18,138,6,-11,-5,-14,-1,-11,0,-20,-25,-45,-37,-44,-50,-53,-34,-53,-41,-53,-53,-53,-65,-63,-58,-70,-64,-72,-69,-64,-31,-34,-30,-21,-18,-18,-16,-19,-19,-30,-22,-19,-29,-29,-29,-71,-53,-114,-92,-112,-119,-182,-168,-220,-221,-333,-325,-335,-315,-338,-338,-266,-172,-324,-321,-304,-315,-310,-214,-306,-305,-593,-592,-595,-560,-626,-588,-1026,-1022,-784,-435,-587,-370,-367,-144,-144,-144,-144,-144,-5095,-146,-143,-147,-143,-8,-8,-8,-8,0,0,0,0,0,0,0,0,0,0,0,0,0,0,0,0,0,0,0,0,0,0,0,0,0]} 1. e4 c5 2. Nf3 e6 3. c3 d5 4. exd5 Qxd5 5. d4 Nf6 6. Na3 Nc6 7. Nb5 Qd8 8. dxc5 Bxc5 9. Qxd8+ Kxd8 10. Bf4 Ne4 {B22: Sicilian: 2 c3.} 11. Be3 Bxe3 12. fxe3 Ke7 {[#]} 13. Nbd4 $146 ({Predecessor:} 13. Bd3 Nf6 14. O-O Bd7 15. Nbd4 Rhd8 16. Rad1 Rac8 17. Nb3 Ng4 18. Rfe1 Nce5 19. Nxe5 Nxe5 {0-1 (40) Pierrot,J (2422)-Alonso,S (2489) Mar del Plata 2009}) 13... Bd7 14. Nxc6+ Bxc6 15. Nd4 Bd7 16. Be2 e5 17. Nb3 Rac8 18. Bf3 Nd6 19. O-O-O Be6 20. Bd5 b6 21. Bxe6 Kxe6 22. Rd3 Ne4 23. Rhd1 a5 24. a4 h5 25. Rd7 Rc6 26. Ra7 Nd6 27. Nd2 Rhc8 28. Kc2 R6c7 29. Rxc7 Rxc7 $11 {[%mdl 4096] Endgame KRN-KRN} 30. Kd3 f5 31. Ke2 g5 32. h3 (32. g3 $15) 32... h4 33. e4 fxe4 34. Rf1 {[#]} (34. Ra1 $17) 34... g4 $1 $19 {[%mdl 512]} 35. hxg4 (35. Rf8 $142) 35... Rg7 36. Rh1 (36. Rf2 $142) 36... Rxg4 37. Rh2 {[#]} e3 $1 {[%mdl 512]} 38. Nf1 (38. Kxe3 Rxa4) 38... Rxa4 39. Nxe3 Rf4 40. Kd3 $2 {[#]} (40. Rh3 {only move.}) 40... Rf2 $1 {( -> ...e4+)} 41. c4 Rf4 ({Resist} 41... Rxb2 42. Rxh4 a4 43. Rh6+ Kd7 44. Rh3 $19) 42. b3 Rd4+ 43. Kc2 {[#]} (43. Ke2 {might work better.}) 43... a4 $1 {[%mdl 512]} 44. Rh3 $2 (44. bxa4 Nxc4 45. Nxc4 Rxc4+ {[%mdl 64] Double Attack} 46. Kb3) 44... axb3+ 45. Kxb3 Rd3+ 46. Kb4 e4 47. Nd5 Rxh3 48. gxh3 {KN-KN} Ke5 {aiming for ...Kd4.} 49. Kc3 b5 50. Ne7 {intending Ng6+.} bxc4 $2 (50... Kf4 $1 $19 51. Nd5+ Kg3) 51. Ng6+ $17 Kd5 52. Nxh4 Nb5+ 53. Kc2 $2 {[%mdl 8192]} (53. Kd2 $17) 53... Nd4+ $2 (53... e3 $1 $19 {has better winning chances.} 54. Ng2 Ke4) 54. Kc3 {[#]} Ne2+ $1 55. Kd2 {[#]} Nf4 (55... Ng3 $1 $17 56. Ng2 Kd4) 56. Nf5 $11 {The position is equal.} Kc5 (56... Ke5 $5 57. Ne3 $8 Nxh3 $11) 57. h4 Kb4 {[#]} 58. Ke3 $1 {[%mdl 512]} c3 {Strongly threatening ...Ng2+.} 59. Nd4 Kc4 {Threatens to win with ...Kd5.} (59... Ng2+ {looks sharper.} 60. Kxe4 Nxh4 61. Kd3 Ng2 62. Nc6+ Kb3) 60. Kxe4 Nd5 61. Nc2 Nf6+ 62. Kf5 Nh5 63. Kg4 Nf6+ 64. Kf5 Ng8 65. h5 Kd3 66. Na3 c2 {[#]} 67. Nxc2 $1 {[%mdl 512]} Kxc2 68. Kg5 Kd3 69. h6 Nxh6 $1 {Whites escaped into a draw. Accuracy: White = 67%, Black = 79%.} 1/2-1/2

[Event "FIDE Chesscom Online Nations Cup"]
[Site "Online"]
[Date "2020.05.08"]
[Round "8"]
[White "Karjakin, Sergey"]
[Black "Wei, Yi"]
[Result "1/2-1/2"]
[WhiteElo "2709"]
[BlackElo "2752"]
[Annotator "TA"]
[PlyCount "60"]
[EventDate "2020.05.05"]
[EventType "team-tourn"]
[SourceTitle "playchess.com"]
[Source "ChessBase"]
[SourceQuality "1"]
[WhiteTeam "Russia"]
[BlackTeam "China"]
[WhiteTeamCountry "RUS"]
[BlackTeamCountry "CHN"]

{[%evp 23,60,0,3,6,3,2,10,7,15,13,13,8,4,11,5,9,0,0,12,2,0,0,11,11,11,12,27,0,0,0,0,0,0,0,0,0,0,0,0]} 1. e4 e5 2. Nf3 Nc6 3. Bb5 a6 4. Ba4 Nf6 5. O-O Nxe4 6. d4 b5 7. Bb3 d5 8. dxe5 Be6 9. Be3 Be7 10. c3 O-O 11. Nbd2 Bg4 12. Nxe4 dxe4 13. Qd5 {C83: Open Ruy Lopez: 9 c3 Be7.} Qxd5 $1 {The main line 13...Qxd5 scores better than 13...exf3.} 14. Bxd5 exf3 15. Bxc6 fxg2 16. Rfc1 Rab8 17. a4 b4 18. cxb4 Rxb4 19. Bxg2 c5 20. Bxc5 Bxc5 21. Rxc5 Rxb2 {[#]} 22. a5 $146 ({Predecessor:} 22. h3 Be2 23. Bd5 g5 24. Ra2 Rxa2 25. Bxa2 Re8 26. e6 fxe6 27. Rxg5+ Kf7 28. Rf5+ {½-½ (44) Fedorchuk,S (2621)-Inarkiev,E (2693) Mali Losinj 2019}) 22... Rfb8 23. Bf1 Be2 24. Rac1 {[#] White threatens Rc8+ and mate.} g6 (24... Kf8 {feels hotter.} 25. Bxe2 Rxe2 26. Rc6 Ra8 27. R1c5 g6) 25. Bxe2 (25. e6 $5 fxe6 26. Bxe2 Rxe2 27. Rc8+ Rxc8 28. Rxc8+ Kf7 29. Rc6 $11) 25... Rxe2 {The position is equal.} 26. Rc8+ Rxc8 27. Rxc8+ $11 {KR-KR} Kg7 28. Rc6 Rxe5 29. Rxa6 g5 30. Kg2 h5 {An uneventful encounter. Accuracy: White = 92%, Black = 100%.} 1/2-1/2

[Event "FIDE Chesscom Online Nations Cup"]
[Site "Online"]
[Date "2020.05.08"]
[Round "8"]
[White "Firouzja, Alireza"]
[Black "Nakamura, Hikaru"]
[Result "1/2-1/2"]
[WhiteElo "2703"]
[BlackElo "2829"]
[Annotator "TA"]
[PlyCount "61"]
[EventDate "2020.05.05"]
[EventType "team-tourn"]
[SourceTitle "playchess.com"]
[Source "ChessBase"]
[SourceQuality "1"]
[WhiteTeam "World"]
[BlackTeam "United States"]
[BlackTeamCountry "USA"]

{[%evp 13,61,7,12,6,9,0,26,11,10,8,16,14,19,17,17,12,16,16,16,25,47,52,54,56,193,16,18,19,43,38,95,87,82,80,81,72,70,33,31,25,88,16,12,16,16,20,14,19,18,9]} 1. d4 Nf6 2. c4 e6 3. Nf3 d5 4. Nc3 Be7 5. Bf4 O-O 6. e3 Nbd7 7. c5 {7.Be2 gains popularity. Played by Hikaru Nakamura in February 2020.} Nh5 8. Bd3 {D37: Queen's Gambit Declined: 5 Bf4.} Nxf4 9. exf4 c6 10. O-O {White has an edge.} b6 11. b4 a5 12. a3 $1 Qc7 {[%cal Rb6c5]} 13. g3 Ba6 14. Bxa6 {14.Re1 is not played anymore.} Rxa6 15. Qe2 Ra7 16. f5 $36 {[%mdl 2048] White has good play.} axb4 17. axb4 Rxa1 18. Rxa1 bxc5 ({Black should try} 18... e5 $1 $14) 19. bxc5 $2 {[#]} ({White must play} 19. fxe6 $18 cxd4 20. exd7 Qxd7 21. Na2 (21. Nxd4 Bxb4 22. Qb2 Bc5 $18)) 19... e5 $1 $11 20. dxe5 Bxc5 21. Na4 {e6 is the strong threat.} Re8 (21... Be7 $14) 22. Nxc5 $16 Nxc5 {[#]} 23. Qe3 $146 ({Predecessor:} 23. Nd4 Ne4 24. e6 c5 25. Qb5 Rf8 26. Nc6 fxe6 27. Ra7 Qd6 28. Qb7 Qc7 29. Qb5 {1-0 (29) Kempinski,R (2580)-Neverov,V (2489) Legnica 2013}) 23... Ne4 24. Ra7 Qb8 25. Qa3 h6 26. Kg2 c5 {[#]} (26... Qb1 $11) 27. Rd7 (27. Qa1 $1 $16) 27... Rd8 {The position is equal.} 28. e6 fxe6 $1 29. fxe6 Re8 30. Rxd5 {Strongly threatening Qd3.} Rxe6 31. Qd3 {Accuracy: White = 79%, Black = 77%.} 1/2-1/2